| 000 | 00654nam a2200241Ia 4500 | ||
|---|---|---|---|
| 003 | OSt | ||
| 005 | 20220927105322.0 | ||
| 006 | a|||||r|||| 00| 0 | ||
| 007 | ta | ||
| 008 | 220926b |||||||| |||| 00| 0 eng d | ||
| 020 | _a8190416960 | ||
| 024 | _a174663 | ||
| 037 | _cReference Collections | ||
| 040 |
_aRTL _cRTL _beng |
||
| 041 |
_2eng _aeng |
||
| 082 | _a"4wM48:g, P7" | ||
| 100 |
_aGopal Madan _9371653 |
||
| 245 | 0 | _aLife and times of Sardar Dayal Singh Majithia. | |
| 260 |
_aChandigarh _bTribune _c2007 |
||
| 300 |
_a82p. _ccm. |
||
| 942 |
_h"4wM48:g, P7" _cCC |
||
| 999 |
_c691789 _d691789 |
||